| 000 | 01029nam a22002897a 4500 | ||
|---|---|---|---|
| 001 | 5546 | ||
| 003 | FISKH | ||
| 005 | 20241217121643.0 | ||
| 008 | 241217b cb ||||| |||| 00| 0 eng d | ||
| 020 | _a0439633591 | ||
| 040 |
_aFISKH _beng _cFISKH _dFISKH |
||
| 050 | _aQL467.2 | ||
| 082 | _a595.7 | ||
| 100 | _aGikow, Louise A. | ||
| 245 |
_aRipley's incredible insects : _cby Louise A. Gikow _b... the wonders of insects revealed through facts and photos ... / |
||
| 250 | _aFirst Scholastic printing, January 2004 | ||
| 260 |
_aNew York : _bScholastic ; _c2004 . |
||
| 300 |
_a59 pages : _bcolor illustrations ; _c29 cm . |
||
| 505 | _aS | ||
| 520 | _aThe wonders of insects revealed through facts and photos... Beautiful, clear photographs and illuctions appear on every fascinating page of this oversized-full-color book. | ||
| 521 | 8 |
_a800
_bLexile estimate |
|
| 521 | 8 |
_aZ
_bRaz-Plus |
|
| 650 |
_anature _vNon-fiction |
||
| 700 |
_aKoken, Tom _eDesigner |
||
| 942 |
_2ddc _cBK _n0 |
||
| 999 |
_c5546 _d5546 |
||